000 00653nam a22002057a 4500
005 20251108173121.0
008 250721s2006 xx 000 0 ara d
082 1 4 _a610.956/ ورد
100 1 _aوردة، باسم حسن
245 1 0 _aالهدي النبوي في الطب الوقائي /
264 1 _aعمان :
_bجهينة للنشر و التوزيع،
_c2006.
300 _a216ص.
500 _aرسالة ماجستير في الحديث النبوي
650 1 7 _aالطب النبوي
650 1 7 _aالطب الوقائي
650 1 7 _aالأحاديث
700 1 _aالقضاة، شرف
942 _2ddc
_cBK
999 _c96444
_d96444